000 00740nam a22002177a 4500
003 UA-OsUOA
001 103790
007 ta
008 20131119b un ||||| |||| 00| 0 ukr d
100 _aПотапенко О.
090 _a81
_bП64
942 _cSA
040 _aUA-OsUOA
_bukr
_cUA-OsUOA
_dUA-OsUOA
245 _aЛінгвокультурологічна, неосферна парадигма навчання мови у ВНЗ
300 _aС.57-61
955 _a0
041 _aukr
080 _a81
773 0 _w103787
_tУкраїнська мова і література в школі
_dК.
_d2013
_g6
650 7 _a8 Мовознавство. Художня література. Літературознавство
_2UDC
999 _c390177
_d390177